| 000 -LEADER |
| fixed length control field |
01188pab a2200157 454500 |
| 008 - FIXED-LENGTH DATA ELEMENTS--GENERAL INFORMATION |
| fixed length control field |
180718b xxu||||| |||| 00| 0 eng d |
| 100 ## - MAIN ENTRY--PERSONAL NAME |
| Personal name |
Hamilton David K. |
| 245 ## - TITLE STATEMENT |
| Title |
The staffing function in Illinois state government after Rutan |
| 362 ## - DATES OF PUBLICATION AND/OR SEQUENTIAL DESIGNATION |
| Dates of publication and/or sequential designation |
53(4), Jul-Aug 93, p.381-6 |
| 520 ## - SUMMARY, ETC. |
| Summary, etc. |
How has the staffing function in government changed since the far reaching Rutan decision in 1990? David Hamilton describes the patronage system used by the state of Illinois and analyzes the changes in the staffing function by the state in response to the court decision. He concludes that the state was more concerned with ensuring compliance than with promoting and improved staffing function. The result has been to replace a centralized partonage system with a centralized bureaucratic system. Finally, Hamilton draws lessons from Illionois' response which may be useful to governments concerned with elimination of partonage. He feels that the Rutan case can result in an improved staffing function if the pro |
| 650 ## - SUBJECT ADDED ENTRY--TOPICAL TERM |
| Topical term or geographic name entry element |
Public, Personnel -- U.S.A. |
| 650 ## - SUBJECT ADDED ENTRY--TOPICAL TERM |
| Topical term or geographic name entry element |
Civil Service -- U.S.A. |
| 650 ## - SUBJECT ADDED ENTRY--TOPICAL TERM |
| Topical term or geographic name entry element |
Personnel, Public -- U.S.A. |
| 773 ## - HOST ITEM ENTRY |
| Main entry heading |
Public Administration Review |
| 909 ## - |
| -- |
25082 |